00455nam a2200169Ia 4500003000400000008004100004040001600045082001600061100001600077245007700093700001800170700001800188260002800206300001000234650002200244650001900266GCL140319s9999 xx 000 0 eng d aGCL / cGCL04a004.67bW U1 aWALL, DAVID10aUSING THE WORLD WIDE WEB: THE FAST AND EASY WAY TO LEARN / cWALL, DAVID1 aCOOPER, KAREN1 aGIBBONS, DAVE a[S.N] : bQUE ، c1996 a502 P04aشعر الحرب04aWORLD WIDE WEB